ՀՀ Գիտությունների ազգային ակադեմիայի հիմնարար գիտական գրադարան  =   Fundamental Scientific Library of NAS RA

Հանրահայտ գրքերի արկածները : (Record no. 10276)

MARC details
000 -LEADER
fixed length control field 01017nam a2200241 a 4500
001 - CONTROL NUMBER
control field 000025137
003 - CONTROL NUMBER IDENTIFIER
control field AM-YEHGA
005 - DATE AND TIME OF LATEST TRANSACTION
control field 20250617121036.0
008 - FIXED-LENGTH DATA ELEMENTS--GENERAL INFORMATION
fixed length control field 001016s1988 ai |||||||||||||||||arm d
040 ## - CATALOGING SOURCE
Original cataloging agency AM-YeHGA
041 1# - LANGUAGE CODE
Language code of text/sound track or separate title arm
090 ## - LOCALLY ASSIGNED LC-TYPE CALL NUMBER (OCLC); LOCAL CALL NUMBER (RLIN)
-- 10351
100 1# - MAIN ENTRY--PERSONAL NAME
Personal name Վինտերիխ, Ջոն
245 10 - TITLE STATEMENT
Title Հանրահայտ գրքերի արկածները :
Remainder of title [Ակնարկներ] /
Statement of responsibility, etc. Ջ. Վինտերիխ ; Թարգմ.՝ Է. Խաչատրյան ; Խմբ.՝ Լ. Տիգրանյան ; Առաջաբ.՝ Դ. Ուրնով ; ՀՍՍՀ գրքասերների ընկերություն.
260 ## - PUBLICATION, DISTRIBUTION, ETC.
Place of publication, distribution, etc. Երևան :
Name of publisher, distributor, etc. Լույս ,
Date of publication, distribution, etc. 1988.
300 ## - PHYSICAL DESCRIPTION
Extent 215 էջ ;
Other physical details 17 սմ.
650 14 - SUBJECT ADDED ENTRY--TOPICAL TERM
Topical term or geographic name entry element Գրքագիտություն
General subdivision Տպագիր գրքերի պատմություն
700 1# - ADDED ENTRY--PERSONAL NAME
Personal name Խաչատրյան, Է.
Relator term թարգմ.
Relationship trl
700 1# - ADDED ENTRY--PERSONAL NAME
Personal name Տիգրանյան, Լ.
Relator term խմբ.
Relationship edt
700 1# - ADDED ENTRY--PERSONAL NAME
Personal name Ուրնով, Դ.
Relator term առաջաբ.
Relationship aui
710 2# - ADDED ENTRY--CORPORATE NAME
Corporate name or jurisdiction name as entry element ՀՍՍՀ գրքասերների ընկերություն
942 ## - ADDED ENTRY ELEMENTS (KOHA)
Source of classification or shelving scheme Universal Decimal Classification
Koha item type Գրքեր / Books
Holdings
Withdrawn status Lost status Damaged status Not for loan Collection Home library Current library Date acquired Total checkouts Full call number Barcode Date last seen Cost, replacement price Price effective from Koha item type Public note
        General Fundamental Scientific Library Fundamental Scientific Library 21/12/2016   AI/18520 FL0061888 21/12/2016 50.00 21/12/2016 Գրքեր / Books 30 Days Loan
        General Fundamental Scientific Library Fundamental Scientific Library 21/12/2016   AI/18643 FL0062025 21/12/2016 50.00 21/12/2016 Գրքեր / Books 30 Days Loan


ՀՀ ԳԱԱ հիմնարար գիտական գրադարան
ՀՀ,Երևան 0019
Մարշալ Բաղրամյան 24/6
հեռախոս:(374-10) 52-47-50
Հետադարձ կապ

All site content, except where otherwise noted, is licensed under a
Creative Commons License